[Event "Ivrea Autumn 22th"]
[Site "Ivrea"]
[Date "2011.10.27"]
[Round "5"]
[White "Bozza, Alberto"]
[Black "Renzini, Lorenzo"]
[Result "1-0"]
[WhiteElo "1407"]
[BlackElo "1766"]
[PlyCount "124"]
[EventDate "2011.09.??"]
[EventType "swiss"]
[EventRounds "8"]
[EventCountry "ITA"]
[SourceTitle "EXT 2024"]
[Source "ChessBase"]
[SourceDate "2023.10.10"]
[SourceVersion "1"]
[SourceVersionDate "2023.10.10"]
[SourceQuality "1"]

1. e4 c5 2. Nf3 d6 3. d4 cxd4 4. Nxd4 Nf6 5. Nc3 a6 6. Bg5 e6 7. f4 Be7 8. Qf3 Nc6 9. Nxc6 bxc6 10. 0-0-0 Qc7 11. g4 Bb7 12. Qe2 h6 13. Bh4 Nh7 14. Bxe7 Qxe7 15. h4 Nf8 16. Bg2 Ng6 17. Qf2 Qf6 18. f5 Ne5 19. g5 hxg5 20. hxg5 Qxg5+ 21. Kb1 Ke7 22. Rhg1 Qf6 23. Qb6 Rhb8 24. Qc7+ Ke8 25. fxe6 fxe6 26. Bh3 Qe7 27. Rxg7 Qxc7 28. Rxc7 Bc8 29. Kc1 d5 30. exd5 cxd5 31. Rh7 Rb6 32. Na4 Rc6 33. Rg1 Nf7 34. Rg8+ Ke7 35. Rgg7 Kd6 36. Rxf7 a5 37. Bg2 Ba6 38. Rd7+ Ke5 39. Rh5+ Kf6 40. Nc3 Rac8 41. Rhh7 a4 42. Bxd5 exd5 43. Nxd5+ Kg5 44. Rhg7+ Kh4 45. c3 Re6 46. Rh7+ Kg3 47. Rdg7+ Kf3 48. Rf7+ Ke4 49. Nf6+ Kd3 50. Rd7+ Kc4 51. Rd4+ Kc5 52. Nd7+ Kc6 53. Rxa4 Bb5 54. Rb4 Rg8 55. c4 Re2 56. cxb5+ Kd6 57. Rd4+ Ke6 58. Rh6+ Ke7 59. Rh7+ Ke6 60. Rd2 Rg1+ 61. Kc2 Ree1 62. Nc5+ Kf5 1-0